000 00228nam a22000977a 4500
999 _c16106
_d16106
003 OSt
008 191106b ||||| |||| 00| 0 eng d
100 _aDesai,M P.
_94281
245 _aPlanning for basic national economy
942 _cBK